[Event "33. Open Barbera del Valles 2010"]
[Site "Barbera del Valles ESP"]
[Date "2010.07.11"]
[Round "8.6"]
[White "Fluvia Poyatos, Jordi"]
[Black "Fenollar Jorda, Manuel"]
[Result "1-0"]
[WhiteElo "2467"]
[BlackElo "2369"]
[PlyCount "77"]
[EventDate "2010.07.04"]
[EventType "swiss"]
[EventRounds "9"]
[EventCountry "ESP"]
[Source "lmi"]
[SourceDate "2010.07.04"]

1. d4 d5 2. c4 c6 3. Nc3 Nf6 4. e3 a6 5. Bd3 dxc4 6. Bxc4 e6 7. Nf3 b5 8. Bb3
c5 9. O-O Bb7 10. e4 cxd4 11. Nxd4 Nc6 12. Be3 Nxd4 13. Bxd4 Nxe4 14. Nxe4 Bxe4
15. Re1 Bd5 16. Be5 Bxb3 17. Qxb3 Be7 18. Bxg7 Rg8 19. Be5 Qd5 20. Qxd5 exd5
21. Rad1 Rd8 22. Bf6 Rd7 23. g3 Rg6 24. Bxe7 Rxe7 25. Rxe7+ Kxe7 26. Rxd5 Rc6
27. Rd2 Rc4 28. Kg2 a5 29. Kf3 Ra4 30. b3 Rb4 31. h3 a4 32. Rd3 axb3 33. axb3
h5 34. h4 f5 35. Ke3 Ke6 36. f3 Ke5 37. Kd2 Rd4 38. Rxd4 Kxd4 39. b4 1-0

[Event "33. Open Barbera del Valles 2010"]
[Site "Barbera del Valles ESP"]
[Date "2010.07.11"]
[Round "8.7"]
[White "Mihailovs, Jurijs"]
[Black "Aloma Vidal, Robert"]
[Result "1-0"]
[WhiteElo "2405"]
[BlackElo "2445"]
[PlyCount "101"]
[EventDate "2010.07.04"]
[EventType "swiss"]
[EventRounds "9"]
[EventCountry "ESP"]
[Source "lmi"]
[SourceDate "2010.07.04"]

1. d4 Nf6 2. c4 g6 3. Nc3 Bg7 4. e4 d6 5. f3 O-O 6. Be3 c5 7. Nge2 Nc6 8. d5
Ne5 9. Ng3 e6 10. Be2 exd5 11. cxd5 a6 12. a4 Bd7 13. h3 b5 14. f4 Nc4 15. Bxc4
bxc4 16. O-O Rb8 17. Qd2 Rb3 18. Rf2 Qb6 19. e5 Ne8 20. Raf1 f5 21. exf6 Bxf6
22. f5 Bxf5 23. Nxf5 gxf5 24. Rxf5 Rxb2 25. Qe1 Qb7 26. Bh6 Qf7 27. Bxf8 Qxf8
28. Ne4 Bd4+ 29. Kh1 Qe7 30. Qg3+ Bg7 31. Ng5 Rb3 32. Qg4 Nf6 33. Qxc4 Re3 34.
Ne6 Ne4 35. Rf8+ Bxf8 36. Rxf8+ Qxf8 37. Nxf8 Kxf8 38. Qxa6 h5 39. Kh2 Kg7 40.
Qf1 Nf6 41. Qa1 Re5 42. a5 Nxd5 43. a6 Nc7 44. a7 Kf8 45. Qb1 Re7 46. Qf5+ Ke8
47. Qxh5+ Kd7 48. Qf5+ Kd8 49. h4 c4 50. h5 Re5 51. Qxe5 1-0

[Event "33. Open Barbera del Valles 2010"]
[Site "Barbera del Valles ESP"]
[Date "2010.07.11"]
[Round "8.8"]
[White "Huerga Leache, Mikel"]
[Black "Gomez Jurado, Luis Alberto"]
[Result "1-0"]
[WhiteElo "2424"]
[BlackElo "2287"]
[PlyCount "73"]
[EventDate "2010.07.04"]
[EventType "swiss"]
[EventRounds "9"]
[EventCountry "ESP"]
[Source "lmi"]
[SourceDate "2010.07.04"]

1. e4 c5 2. Nf3 Nc6 3. d4 cxd4 4. Nxd4 Nf6 5. Nc3 e5 6. Ndb5 d6 7. Bg5 a6 8.
Na3 b5 9. Nd5 Be7 10. Bxf6 Bxf6 11. c4 Bg5 12. cxb5 Qa5+ 13. Nc3 Nd4 14. Nc4
Qd8 15. b6 O-O 16. Bd3 Be6 17. O-O Rc8 18. b3 Kh8 19. a4 Bxc4 20. Bxc4 Qxb6 21.
a5 Qa7 22. Nd5 Bd8 23. Ne3 Rb8 24. Nf5 Nxf5 25. exf5 Qc5 26. Qd2 e4 27. g4 Qe5
28. Rfe1 Bc7 29. Qd5 Rfe8 30. Qxe5 Rxe5 31. Bxf7 Bxa5 32. Red1 Bb4 33. Rxa6 Bc5
34. Rda1 g6 35. f6 Bd4 36. R1a4 e3 37. Ra8 1-0

[Event "33. Open Barbera del Valles 2010"]
[Site "Barbera del Valles ESP"]
[Date "2010.07.11"]
[Round "8.9"]
[White "Perpinya Rofes, Lluis Maria"]
[Black "Cruz Lledo, Pablo"]
[Result "1-0"]
[WhiteElo "2344"]
[BlackElo "2239"]
[PlyCount "95"]
[EventDate "2010.07.04"]
[EventType "swiss"]
[EventRounds "9"]
[EventCountry "ESP"]
[Source "lmi"]
[SourceDate "2010.07.04"]

1. e4 c6 2. d4 d5 3. Nc3 dxe4 4. Nxe4 Bf5 5. Ng3 Bg6 6. h4 h6 7. Nf3 Nd7 8. h5
Bh7 9. Bd3 Bxd3 10. Qxd3 e6 11. Bd2 Ngf6 12. O-O-O Be7 13. Qe2 O-O 14. Nf1 c5
15. g4 Nh7 16. dxc5 Nxc5 17. Bc3 Qb6 18. Ne3 Na4 19. Bd4 Bc5 20. Nc4 Qa6 21. g5
Bxd4 22. Rxd4 hxg5 23. h6 g6 24. Qe5 f6 25. Qc7 Rf7 26. Rd8+ Rxd8 27. Qxd8+ Nf8
28. Nd6 Rh7 29. Ne8 Qb5 30. b3 Qc5 31. Nxf6+ Kf7 32. Nxh7 Qa3+ 33. Kd2 Qb4+ 34.
Ke2 Qe4+ 35. Kf1 Nxh7 36. Qd7+ Kf8 37. Qg7+ Ke8 38. Qxh7 Qxf3 39. Qxg6+ Kf8 40.
Qg7+ Ke8 41. Qg6+ Kf8 42. Qh5 g4 43. h7 Qd1+ 44. Kg2 Qf3+ 45. Kg1 Qd1+ 46. Kh2
Qd6+ 47. Kg2 Qc6+ 48. Kg1 1-0

[Event "33. Open Barbera del Valles 2010"]
[Site "Barbera del Valles ESP"]
[Date "2010.07.11"]
[Round "8.10"]
[White "Bhat, Vinay S"]
[Black "Aderito, Pedro"]
[Result "1-0"]
[WhiteElo "2536"]
[BlackElo "2333"]
[PlyCount "81"]
[EventDate "2010.07.04"]
[EventType "swiss"]
[EventRounds "9"]
[EventCountry "ESP"]
[Source "lmi"]
[SourceDate "2010.07.04"]

1. d4 g6 2. c4 Bg7 3. Nf3 c5 4. d5 d6 5. e4 b5 6. cxb5 a6 7. Nc3 Nd7 8. a4 Ngf6
9. Qc2 O-O 10. Ra3 Bb7 11. bxa6 Bxa6 12. Bxa6 Rxa6 13. O-O Qa8 14. h3 Rb8 15.
Nb5 Rb7 16. Nd2 Ne8 17. Nc4 Nc7 18. Nxc7 Rxc7 19. Bd2 Nb6 20. b3 Rb7 21. Rb1
Bd4 22. a5 Nd7 23. Ra4 e6 24. dxe6 fxe6 25. b4 cxb4 26. Raxb4 Rxb4 27. Bxb4 Nc5
28. Bxc5 Bxc5 29. Rb5 Qf8 30. e5 Rc6 31. exd6 Ba7 32. Kh1 Qxd6 33. Nxd6 Rxc2
34. f4 Be3 35. g3 h5 36. h4 Bf2 37. Ne4 Bd4 38. Rb4 e5 39. Ra4 Re2 40. Nd6 Bc5
41. a6 1-0

[Event "33. Open Barbera del Valles 2010"]
[Site "Barbera del Valles ESP"]
[Date "2010.07.11"]
[Round "8.11"]
[White "Matnadze, Ana"]
[Black "Mestre Bellido, Hector"]
[Result "1/2-1/2"]
[WhiteElo "2422"]
[BlackElo "2404"]
[PlyCount "83"]
[EventDate "2010.07.04"]
[EventType "swiss"]
[EventRounds "9"]
[EventCountry "ESP"]
[Source "lmi"]
[SourceDate "2010.07.04"]

1. d4 d5 2. Nf3 Nf6 3. g3 c6 4. Bg2 Bg4 5. O-O Nbd7 6. c4 e6 7. Nc3 Be7 8. Qb3
Qb6 9. c5 Qxb3 10. axb3 Bxf3 11. Bxf3 e5 12. e3 O-O 13. b4 a6 14. Bd2 g6 15.
Bg2 Rfe8 16. f3 exd4 17. exd4 Nh5 18. Be1 Bf6 19. Bf2 Nf8 20. Rfd1 Ne6 21. Kf1
Nhg7 22. Ne2 Rad8 23. Nc1 Rd7 24. Nb3 Nf5 25. Bh3 Ng5 26. Bxf5 gxf5 27. h4 Ne6
28. Re1 h5 29. f4 Bd8 30. Nd2 Bc7 31. Nf3 Rde7 32. Re2 Nf8 33. Rxe7 Rxe7 34.
Re1 Re4 35. Nd2 Rxe1+ 36. Bxe1 Nd7 37. Ke2 Nf6 38. Nb3 Nd7 39. Kd3 Kf8 40. Ke3
Ke7 41. Kd3 Nf6 42. Na1 1/2-1/2

[Event "33. Open Barbera del Valles 2010"]
[Site "Barbera del Valles ESP"]
[Date "2010.07.11"]
[Round "8.12"]
[White "Cabrera, Alexis"]
[Black "Vilela De Acuna, Jose Luis"]
[Result "0-1"]
[WhiteElo "2533"]
[BlackElo "2329"]
[PlyCount "104"]
[EventDate "2010.07.04"]
[EventType "swiss"]
[EventRounds "9"]
[EventCountry "ESP"]
[Source "lmi"]
[SourceDate "2010.07.04"]

1. e4 c5 2. Nf3 e6 3. d4 cxd4 4. Nxd4 a6 5. Nc3 b5 6. Bd3 Qb6 7. Nf3 d6 8. a4
b4 9. a5 Qb7 10. Na4 Nd7 11. O-O Ngf6 12. Qe2 Be7 13. Nd2 Qc6 14. Nc4 Bb7 15.
Ncb6 Nxb6 16. Nxb6 Rd8 17. f3 O-O 18. Be3 d5 19. exd5 Nxd5 20. Nxd5 Rxd5 21.
Be4 Qb5 22. Kf2 Rh5 23. Qxb5 Rxb5 24. Bd3 Rh5 25. c3 Rd8 26. Be2 bxc3 27. bxc3
Bc5 28. Rfb1 Bxe3+ 29. Kxe3 Re5+ 30. Kf4 Rxe2 31. Rxb7 Rxg2 32. Rab1 g5+ 33.
Ke3 Rdd2 34. Re1 Ra2 35. c4 Rxa5 36. Rc1 Rc5 37. Kd4 Rc6 38. c5 Rd2+ 39. Kc4
Rd5 40. Kb4 Kg7 41. Rc4 h5 42. Rb8 h4 43. h3 e5 44. Rb7 Kg6 45. Rb8 f6 46. Rb7
Kf5 47. Rb8 Ke6 48. Rc3 Kd7 49. Rb7+ Ke6 50. Rb8 Rd1 51. Rb6 Kd5 52. Rxc6 Rb1+
0-1

[Event "33. Open Barbera del Valles 2010"]
[Site "Barbera del Valles ESP"]
[Date "2010.07.11"]
[Round "8.13"]
[White "Munoz Pantoja, Miguel"]
[Black "Abreu Delgado, Aryam"]
[Result "0-1"]
[WhiteElo "2494"]
[BlackElo "2474"]
[PlyCount "76"]
[EventDate "2010.07.04"]
[EventType "swiss"]
[EventRounds "9"]
[EventCountry "ESP"]
[Source "lmi"]
[SourceDate "2010.07.04"]

1. e4 c5 2. g3 d5 3. exd5 Qxd5 4. Nf3 Nc6 5. Bg2 Qe6+ 6. Kf1 g6 7. d3 Bg7 8.
Nc3 Nf6 9. Be3 Nd5 10. Bd2 Nxc3 11. Bxc3 Bxc3 12. bxc3 Qf6 13. Qd2 h6 14. h3
Kf8 15. Kg1 Kg7 16. Kh2 Rd8 17. Rhe1 Rb8 18. Re3 b6 19. Rae1 Bb7 20. Ne5 Nxe5
21. Rxe5 e6 22. f4 h5 23. Qf2 Bxg2 24. Kxg2 Rd6 25. g4 hxg4 26. hxg4 Rh8 27.
Qg3 Rdd8 28. Rh1 Rxh1 29. Kxh1 Rh8+ 30. Kg2 Qd8 31. Re4 Qd5 32. c4 Qc6 33. f5
exf5 34. gxf5 Re8 35. Qf3 Rxe4 36. dxe4 Qf6 37. fxg6 Qxf3+ 38. Kxf3 fxg6 0-1

[Event "33. Open Barbera del Valles 2010"]
[Site "Barbera del Valles ESP"]
[Date "2010.07.11"]
[Round "8.14"]
[White "Gagarin, Vasilij"]
[Black "Grafl, Florian"]
[Result "1-0"]
[WhiteElo "2403"]
[BlackElo "2416"]
[PlyCount "117"]
[EventDate "2010.07.04"]
[EventType "swiss"]
[EventRounds "9"]
[EventCountry "ESP"]
[Source "lmi"]
[SourceDate "2010.07.04"]

1. d4 f5 2. g3 Nf6 3. Nf3 e6 4. Bg2 Be7 5. O-O O-O 6. c4 d6 7. b4 c6 8. Bb2 a5
9. b5 cxb5 10. cxb5 a4 11. a3 Bd7 12. Nc3 Ne4 13. Qd3 Qb6 14. Nxe4 Bxb5 15. Qc2
fxe4 16. Qxe4 d5 17. Qe3 Nd7 18. Bh3 Rf6 19. Bc3 Qa6 20. Rfb1 Bxe2 21. Ng5 Nf8
22. Re1 Bc4 23. Nxe6 Nxe6 24. Bxe6+ Kh8 25. f4 Bd6 26. Bh3 Qc6 27. Bg2 Rff8 28.
Qd2 Rae8 29. Bb4 Qb6 30. Bxd6 Rxe1+ 31. Rxe1 Qxd6 32. Qc3 h6 33. Re5 Bb3 34.
Qc5 Rd8 35. Re8+ Kh7 36. Rxd8 Qxd8 37. Bf1 Qe8 38. Bd3+ Kg8 39. Kf2 Qd7 40. Kg2
Kf7 41. h4 Qc6 42. Kf2 Bd1 43. Qxc6 bxc6 44. Ke1 Bb3 45. Kd2 Ke6 46. Kc3 Kd6
47. Kb4 Bd1 48. Bg6 Bb3 49. g4 Bd1 50. g5 Bb3 51. Bd3 Bd1 52. f5 hxg5 53. hxg5
Bb3 54. Be2 Bc2 55. Bg4 c5+ 56. dxc5+ Ke5 57. c6 Kd6 58. Kb5 d4 59. Kb6 1-0

[Event "33. Open Barbera del Valles 2010"]
[Site "Barbera del Valles ESP"]
[Date "2010.07.11"]
[Round "8.15"]
[White "Lorenzo De La Riva, Lazaro"]
[Black "Rahal, Michael A"]
[Result "1-0"]
[WhiteElo "2407"]
[BlackElo "2344"]
[PlyCount "117"]
[EventDate "2010.07.04"]
[EventType "swiss"]
[EventRounds "9"]
[EventCountry "ESP"]
[Source "lmi"]
[SourceDate "2010.07.04"]

1. g3 d5 2. Bg2 Nf6 3. Nf3 Bf5 4. O-O e6 5. c4 c6 6. b3 h6 7. d3 Bc5 8. Ba3
Bxa3 9. Nxa3 Qe7 10. Nc2 Nbd7 11. Ne3 Bh7 12. a3 O-O 13. b4 Rfd8 14. Qb3 dxc4
15. Nxc4 Nb6 16. Na5 Rab8 17. Ne5 Qd6 18. Nac4 Nxc4 19. Nxc4 Qd4 20. Rad1 Nd5
21. Rc1 Nb6 22. Nd2 Bf5 23. Rc5 Bg4 24. Nf3 Qd6 25. Rfc1 Nd7 26. Ra5 a6 27. Qb2
Bxf3 28. Bxf3 Nb6 29. Rh5 Nd5 30. Rc4 f5 31. Rhh4 Rf8 32. Rc1 f4 33. Rh5 fxg3
34. hxg3 Rf5 35. Rxf5 exf5 36. e4 Ne7 37. Qb3+ Kh8 38. Re1 Rd8 39. Qf7 Ng6 40.
exf5 Ne5 41. Qh5 Nxf3+ 42. Qxf3 Qxd3 43. Qh5 Rf8 44. Re8 Rxe8 45. Qxe8+ Kh7 46.
f6 Qd1+ 47. Kh2 gxf6 48. Qf7+ Kh8 49. Qxf6+ Kh7 50. Qf7+ Kh8 51. Qxb7 Qh5+ 52.
Kg2 Qd5+ 53. f3 Qd2+ 54. Kh3 Qd5 55. Qc8+ Kh7 56. Qg4 Qb5 57. Qe4+ Kg7 58. f4
Qf1+ 59. Kh4 1-0

[Event "33. Open Barbera del Valles 2010"]
[Site "Barbera del Valles ESP"]
[Date "2010.07.11"]
[Round "8.16"]
[White "Uribe Arteaga, Daniel"]
[Black "Tarrago Antoni, Maurici"]
[Result "0-1"]
[WhiteElo "2233"]
[BlackElo "2258"]
[PlyCount "74"]
[EventDate "2010.07.04"]
[EventType "swiss"]
[EventRounds "9"]
[EventCountry "ESP"]
[Source "lmi"]
[SourceDate "2010.07.04"]

1. e4 c5 2. Nf3 Nc6 3. d4 cxd4 4. Nxd4 Nf6 5. Nc3 e5 6. Ndb5 d6 7. Bg5 a6 8.
Na3 b5 9. Nd5 Be7 10. Bxf6 Bxf6 11. c3 Ne7 12. Nxf6+ gxf6 13. g3 Bb7 14. Bg2 f5
15. Qe2 O-O 16. O-O fxe4 17. Bxe4 Bxe4 18. Qxe4 f5 19. Qb7 f4 20. Nc2 Rf6 21.
Qe4 Rc8 22. Rad1 Qe8 23. Qb7 a5 24. Na3 Rb8 25. Qa6 Nf5 26. Rd5 Qg6 27. Qc6
Rbf8 28. Rd2 Nh4 29. Qd5+ Kh8 30. Rdd1 fxg3 31. fxg3 Nf3+ 32. Kh1 Qh5 33. Rf2
Nd4 34. Rfd2 Rf2 35. h4 Qg4 36. Rxf2 Qxd1+ 37. Kg2 Rxf2+ 0-1

[Event "33. Open Barbera del Valles 2010"]
[Site "Barbera del Valles ESP"]
[Date "2010.07.11"]
[Round "8.17"]
[White "Panelo, Marcelo"]
[Black "Martin Sanchez, Enric"]
[Result "1-0"]
[WhiteElo "2450"]
[BlackElo "2044"]
[PlyCount "87"]
[EventDate "2010.07.04"]
[EventType "swiss"]
[EventRounds "9"]
[EventCountry "ESP"]
[Source "lmi"]
[SourceDate "2010.07.04"]

1. d4 Nf6 2. c4 e6 3. Nf3 d5 4. g3 c6 5. Qc2 Ne4 6. Bg2 f5 7. O-O Be7 8. b3 O-O
9. Ba3 Na6 10. Bxe7 Qxe7 11. Nbd2 Bd7 12. a3 b5 13. c5 Nc7 14. Ne5 Nxd2 15.
Qxd2 a5 16. f3 a4 17. b4 Rf6 18. Qf4 Rff8 19. Rae1 Rad8 20. Qd2 g5 21. e3 Kg7
22. Rf2 h6 23. Bf1 Rf6 24. Bd3 Rdf8 25. Rfe2 Be8 26. Bb1 Na6 27. Bc2 Nb8 28. e4
dxe4 29. fxe4 f4 30. Ng4 Bh5 31. Nxf6 Bxe2 32. Qxe2 Qxf6 33. e5 Qf7 34. Qe4 Kh8
35. gxf4 gxf4 36. Kf2 Rg8 37. Rg1 Rxg1 38. Kxg1 Kg8 39. Kf2 Kf8 40. Qg6 Qxg6
41. Bxg6 Ke7 42. Kf3 Na6 43. Be4 Kd7 44. Kxf4 1-0

[Event "33. Open Barbera del Valles 2010"]
[Site "Barbera del Valles ESP"]
[Date "2010.07.11"]
[Round "8.18"]
[White "Chueca Forcen, Alberto"]
[Black "Ezquerro Luque, Albert"]
[Result "1-0"]
[WhiteElo "2280"]
[BlackElo "1981"]
[PlyCount "65"]
[EventDate "2010.07.04"]
[EventType "swiss"]
[EventRounds "9"]
[EventCountry "ESP"]
[Source "lmi"]
[SourceDate "2010.07.04"]

1. d4 d5 2. c4 c6 3. Nf3 Nf6 4. Nc3 e6 5. Bg5 Be7 6. cxd5 exd5 7. Qc2 O-O 8. e3
Ne4 9. Bxe7 Qxe7 10. Bd3 f5 11. O-O Be6 12. Rab1 g5 13. Ne5 Nd7 14. Nxd7 Bxd7
15. Rbe1 g4 16. f3 gxf3 17. Rxf3 Kh8 18. Ref1 Qg7 19. Ne2 Rg8 20. Nf4 Raf8 21.
b4 b5 22. Bxe4 fxe4 23. Rg3 Qh6 24. Rxg8+ Rxg8 25. Qc5 Qg7 26. Qxa7 h5 27. Qc7
h4 28. Rf2 Kh7 29. Nh5 Qg5 30. Qxd7+ Kh8 31. Qf5 Qxe3 32. Qe5+ Kh7 33. Nf6+ 1-0

[Event "33. Open Barbera del Valles 2010"]
[Site "Barbera del Valles ESP"]
[Date "2010.07.11"]
[Round "8.19"]
[White "Randazzo, Adrian"]
[Black "Tallo Dominguez, Imar"]
[Result "1-0"]
[WhiteElo "2243"]
[BlackElo "2204"]
[PlyCount "63"]
[EventDate "2010.07.04"]
[EventType "swiss"]
[EventRounds "9"]
[EventCountry "ESP"]
[Source "lmi"]
[SourceDate "2010.07.04"]

1. e4 c5 2. Nf3 Nf6 3. e5 Nd5 4. b3 Nc6 5. Bb2 e6 6. Bb5 Qc7 7. Bxc6 Qxc6 8. d4
Nf4 9. O-O b6 10. Bc1 Ng6 11. c4 Bb7 12. Ba3 d6 13. exd6 Bxd6 14. d5 exd5 15.
Qe2+ Be7 16. cxd5 Qxd5 17. Nc3 Qc6 18. h4 O-O 19. h5 Nf4 20. Qxe7 Nxg2 21. Ne5
Qc8 22. h6 gxh6 23. Bc1 Rb8 24. Bxh6 Qf5 25. Bxf8 Nf4 26. Qxf7+ Qxf7 27. Nxf7
Kxf7 28. Rfd1 Bf3 29. Rd7+ Ke6 30. Re7+ Kf6 31. Ne4+ Kf5 32. Rf7+ 1-0

[Event "33. Open Barbera del Valles 2010"]
[Site "Barbera del Valles ESP"]
[Date "2010.07.11"]
[Round "8.20"]
[White "Subirats Ruiz, Sergi"]
[Black "Ortega Serra, Marc"]
[Result "1-0"]
[WhiteElo "2138"]
[BlackElo "2223"]
[PlyCount "91"]
[EventDate "2010.07.04"]
[EventType "swiss"]
[EventRounds "9"]
[EventCountry "ESP"]
[Source "lmi"]
[SourceDate "2010.07.04"]

1. e4 e6 2. Qe2 e5 3. Nf3 Nc6 4. c3 Nf6 5. g3 Be7 6. Bg2 O-O 7. O-O d6 8. d4
exd4 9. cxd4 Bg4 10. Rd1 d5 11. e5 Ne4 12. Nc3 Nxc3 13. bxc3 Na5 14. h3 Be6 15.
Nd2 Qd7 16. Kh2 f5 17. f4 c6 18. Nf1 Nc4 19. a4 Kh8 20. Ne3 Nxe3 21. Bxe3 Rg8
22. Bc1 g5 23. fxg5 Bxg5 24. Bxg5 Rxg5 25. h4 Rg6 26. Bf3 Rag8 27. Rg1 Qg7 28.
Qf2 Qh6 29. Be2 Qd2 30. Qe1 Qe3 31. Bh5 Qxe1 32. Raxe1 Rh6 33. Bd1 f4 34. h5
fxg3+ 35. Rxg3 c5 36. Rxg8+ Kxg8 37. Kg3 Bf7 38. Kf4 cxd4 39. cxd4 Rc6 40. Bg4
Rc4 41. Rd1 Rc6 42. Rb1 b6 43. Bd7 Rc4 44. e6 Rxd4+ 45. Ke5 Rh4 46. Rg1+ 1-0

[Event "33. Open Barbera del Valles 2010"]
[Site "Barbera del Valles ESP"]
[Date "2010.07.11"]
[Round "8.21"]
[White "Do Santos Julio, Joao Manuel"]
[Black "Sanglas Clariana, Josep"]
[Result "0-1"]
[WhiteElo "2122"]
[BlackElo "2207"]
[PlyCount "88"]
[EventDate "2010.07.04"]
[EventType "swiss"]
[EventRounds "9"]
[EventCountry "ESP"]
[Source "lmi"]
[SourceDate "2010.07.04"]

1. e4 c5 2. Nf3 Nc6 3. d4 cxd4 4. Nxd4 g6 5. c4 Bg7 6. Be3 Nf6 7. Nc3 Ng4 8.
Qxg4 Nxd4 9. Qd1 Ne6 10. Be2 Qa5 11. Qd2 b6 12. O-O Bb7 13. f3 d6 14. Rac1 g5
15. a3 Be5 16. b4 Qxa3 17. Nb5 Qb2 18. Rc2 Qb3 19. Bd1 Bf4 20. Bxf4 gxf4 21.
Re1 a5 22. bxa5 Rxa5 23. e5 dxe5 24. Rxe5 O-O 25. Rc3 Qb4 26. Qc2 Rd8 27. Be2
Nd4 28. Rg5+ Kh8 29. Rd3 Nxe2+ 30. Kf2 Nd4 31. h3 Qe1+ 32. Kxe1 Nxc2+ 33. Kd2
Rxd3+ 34. Kxd3 Na3 35. Kc3 Nxb5+ 36. cxb5 f6 37. Rg4 e5 38. Kc4 Bc8 39. Rh4
Be6+ 40. Kb4 Kg7 41. Kc3 Kg6 42. Kd3 h6 43. g3 Kg5 44. Ke2 Rxb5 0-1

[Event "33. Open Barbera del Valles 2010"]
[Site "Barbera del Valles ESP"]
[Date "2010.07.11"]
[Round "8.22"]
[White "Sayrol Clols, Jose M"]
[Black "Silva Rodriguez, Julio"]
[Result "0-1"]
[WhiteElo "2099"]
[BlackElo "2126"]
[PlyCount "78"]
[EventDate "2010.07.04"]
[EventType "swiss"]
[EventRounds "9"]
[EventCountry "ESP"]
[Source "lmi"]
[SourceDate "2010.07.04"]

1. e4 e6 2. d4 d5 3. Nc3 Bb4 4. Bd3 Ne7 5. Nf3 b6 6. Qe2 c5 7. Qe3 Nbc6 8. O-O
O-O 9. a3 Bxc3 10. bxc3 c4 11. Be2 b5 12. e5 a5 13. Qg5 Rb8 14. Qh5 Qe8 15. Bg5
f5 16. Qxe8 Rxe8 17. Bxe7 Rxe7 18. h3 Bd7 19. g4 fxg4 20. hxg4 Be8 21. Kg2 Bg6
22. Rfc1 Be4 23. Kg3 Bxf3 24. Kxf3 b4 25. axb4 axb4 26. Ra6 Rc7 27. Ke3 bxc3
28. f4 Rb2 29. f5 exf5 30. gxf5 Kf7 31. Bh5+ Kf8 32. Rca1 Rb8 33. Bf3 Nb4 34.
Ra8 Nxc2+ 35. Kf4 Rcc8 36. Rxb8 Rxb8 37. Rc1 Nxd4 38. Rxc3 Nxf3 39. Kxf3 Rb3
0-1

[Event "33. Open Barbera del Valles 2010"]
[Site "Barbera del Valles ESP"]
[Date "2010.07.11"]
[Round "8.23"]
[White "Jareno Badenas, Aleix"]
[Black "Silva Rodriguez, Fernando"]
[Result "1/2-1/2"]
[WhiteElo "1967"]
[BlackElo "2115"]
[PlyCount "93"]
[EventDate "2010.07.04"]
[EventType "swiss"]
[EventRounds "9"]
[EventCountry "ESP"]
[Source "lmi"]
[SourceDate "2010.07.04"]

1. e4 e5 2. Nf3 Nc6 3. d4 exd4 4. Nxd4 g6 5. Nc3 Bg7 6. Be3 d6 7. Bc4 Nf6 8. f3
O-O 9. Qd2 Ne5 10. Be2 d5 11. exd5 Nxd5 12. Nxd5 Qxd5 13. Nb3 Qc6 14. O-O-O Be6
15. Bd4 a5 16. Kb1 a4 17. Nc5 a3 18. b3 Rfd8 19. Nxe6 Qxe6 20. Qc3 c5 21. Qxc5
Rd5 22. Qc3 Rc8 23. Qe3 Rxd4 24. Rxd4 Qf6 25. Rhd1 Nc6 26. c3 Nxd4 27. Rxd4
Rxc3 28. Qxc3 Qxd4 29. Qxd4 Bxd4 30. Kc2 Kf8 31. Bc4 Ke7 32. Kd3 Be5 33. h3 f5
34. Ke3 h6 35. Bd3 Bc3 36. Bc4 Be5 37. Bd3 Kf6 38. Bc4 Kg5 39. Bf7 b5 40. b4
Bd6 41. Be8 Bxb4 42. Bxb5 Bc5+ 43. Ke2 Kf4 44. Kf1 Ke3 45. Bc4 g5 46. Be6 Kf4
47. Bf7 1/2-1/2

[Event "33. Open Barbera del Valles 2010"]
[Site "Barbera del Valles ESP"]
[Date "2010.07.11"]
[Round "8.24"]
[White "Colon Garcia, Enrique"]
[Black "Capellades Subirana, Marc"]
[Result "0-1"]
[WhiteElo "2314"]
[BlackElo "2268"]
[PlyCount "66"]
[EventDate "2010.07.04"]
[EventType "swiss"]
[EventRounds "9"]
[EventCountry "ESP"]
[Source "lmi"]
[SourceDate "2010.07.04"]

1. e4 e5 2. Nf3 Nc6 3. Bb5 Bc5 4. c3 Qf6 5. O-O Nge7 6. Re1 h6 7. d4 Bb6 8. Be3
O-O 9. dxe5 Nxe5 10. Nd4 d6 11. Be2 N7g6 12. g3 Bh3 13. Nd2 Nh4 14. f4 Ng2 15.
Bf2 Nxe1 16. Bxe1 Nc6 17. N2b3 a5 18. a4 Rae8 19. Bf3 Ne5 20. fxe5 dxe5 21. Bf2
exd4 22. cxd4 Be6 23. e5 Qf5 24. Rc1 Rd8 25. Nc5 Bxc5 26. Rxc5 c6 27. Rxa5 f6
28. Qe2 Bd5 29. e6 Rfe8 30. e7 Rb8 31. Rxd5 cxd5 32. Be1 Rxe7 33. Bxd5+ Qxd5
0-1

[Event "33. Open Barbera del Valles 2010"]
[Site "Barbera del Valles ESP"]
[Date "2010.07.12"]
[Round "9.1"]
[White "Iturrizaga, Eduardo"]
[Black "Bruzon Batista, Lazaro"]
[Result "1/2-1/2"]
[WhiteElo "2614"]
[BlackElo "2653"]
[PlyCount "38"]
[EventDate "2010.07.04"]
[EventType "swiss"]
[EventRounds "9"]
[EventCountry "ESP"]
[Source "lmi"]
[SourceDate "2010.07.04"]

1. Nf3 Nf6 2. c4 e6 3. Nc3 d5 4. d4 Nbd7 5. Bg5 Be7 6. e3 O-O 7. Bd3 dxc4 8.
Bxc4 a6 9. a4 c5 10. O-O cxd4 11. exd4 Nb6 12. Bb3 Bd7 13. Ne5 Bc6 14. Re1 Nbd5
15. Rc1 Rc8 16. Qd3 Qd6 17. Qh3 Rfd8 18. Bxf6 Bxf6 19. Ne4 Qe7 1/2-1/2

[Event "33. Open Barbera del Valles 2010"]
[Site "Barbera del Valles ESP"]
[Date "2010.07.12"]
[Round "9.2"]
[White "Fluvia Poyatos, Jordi"]
[Black "Fedorchuk, Sergey A"]
[Result "0-1"]
[WhiteElo "2467"]
[BlackElo "2665"]
[PlyCount "128"]
[EventDate "2010.07.04"]
[EventType "swiss"]
[EventRounds "9"]
[EventCountry "ESP"]
[Source "lmi"]
[SourceDate "2010.07.04"]

1. d4 Nf6 2. c4 e6 3. Nc3 Bb4 4. Nf3 b6 5. Bg5 Bb7 6. e3 h6 7. Bh4 Bxc3+ 8.
bxc3 d6 9. Nd2 g5 10. Bg3 Nbd7 11. h4 g4 12. h5 Qe7 13. Bh4 Qf8 14. Qa4 c6 15.
e4 Qg7 16. c5 dxc5 17. e5 Nd5 18. Ne4 O-O 19. Bd3 cxd4 20. cxd4 f5 21. exf6
N7xf6 22. Nxf6+ Nxf6 23. Bg3 c5 24. O-O Nxh5 25. Be5 Nf6 26. dxc5 bxc5 27. Rac1
Qd7 28. Qxd7 Nxd7 29. Bd6 Rfc8 30. Bb5 Bc6 31. Ba6 Rd8 32. f3 gxf3 33. gxf3 Bd5
34. Bc7 Rf8 35. f4 Kf7 36. f5 Rg8+ 37. Kh2 Rg2+ 38. Kh3 Rag8 39. fxe6+ Ke7 40.
exd7 Be6+ 41. Kh4 R2g4+ 42. Kh5 R4g5+ 43. Kh4 Kxd7 44. Rf6 Rg4+ 45. Kh5 R8g5+
46. Kxh6 Rg8 47. Kh7 Rh4+ 48. Rh6 Rxh6+ 49. Kxh6 Kxc7 50. Rxc5+ Kb6 51. Re5
Bxa2 52. Be2 Rg2 53. Bf1 Rb2 54. Re8 Bd5 55. Kg5 Rf2 56. Bd3 a5 57. Re5 Kc5 58.
Re8 a4 59. Rb8 a3 60. Bb1 Kc4 61. Kg4 Kc3 62. Kg3 Rf1 63. Rc8+ Kb2 64. Bd3 Rf3+
0-1

[Event "33. Open Barbera del Valles 2010"]
[Site "Barbera del Valles ESP"]
[Date "2010.07.12"]
[Round "9.3"]
[White "Gongora Reyes, Maikel"]
[Black "Ipatov, Alexander"]
[Result "1/2-1/2"]
[WhiteElo "2451"]
[BlackElo "2507"]
[PlyCount "56"]
[EventDate "2010.07.04"]
[EventType "swiss"]
[EventRounds "9"]
[EventCountry "ESP"]
[Source "lmi"]
[SourceDate "2010.07.04"]

1. d4 d5 2. c4 dxc4 3. Nf3 Nf6 4. e3 g6 5. Bxc4 Bg7 6. O-O O-O 7. Nc3 Nc6 8.
Qe2 Bf5 9. Rd1 Ne4 10. Bd2 Nd6 11. Bb3 a6 12. Na4 e5 13. dxe5 Nxe5 14. Nxe5
Bxe5 15. Bc3 Qe7 16. Bxe5 Qxe5 17. Rac1 c6 18. f3 Rad8 19. e4 Nb5 20. Qf2 Bc8
21. Qc5 Qf4 22. Nb6 Nd4 23. Bc4 Bh3 24. Bf1 Nxf3+ 25. gxf3 Rxd1 26. Rxd1 Qxf3
27. Qd4 Qg4+ 28. Kh1 Qf3+ 1/2-1/2